Statistics for Star Wars Jedi Quiz

Click here to take the quiz!

General Stats

  • This quiz has been taken 141 times
  • The average score is 22 of 33

Answer Stats

HintLightsaber ColourAnswer% Correct
The Chosen OneBlueAnakin Skywalker
98%
Small, green JediGreenYoda
98%
Hero of the OTBlue/GreenLuke Skywalker
97%
Only Jedi with purple lightsaberPurpleMace Windu
95%
‘Hello there’BlueObi Wan Kenobi
95%
Jedi who found AnakinGreenQui Gon Jinn
90%
Hero of the STBlue/ YellowRey
90%
Anakin’s PadawanGreen/ Blue/ WhiteAhsoka Tano
89%
Leia and Han’s sonBlueBen Solo
87%
Jedi who found AhsokaBluePlo Koon
80%
Ezra’s MasterBlueKanan Jarrus
76%
Jedi with big foreheadBlueKi Adi Mundi
76%
Boy who freed LothalBlue/ GreenEzra Bridger
75%
Killed by Darth SidiousGreenKit Fisto
75%
Same species as YodaGreenYaddle
72%
Barriss’ MasterGreenLuminara Unduli
71%
Oversaw Clone TrainingBlueShaak Ti
69%
Blue JediBlueAayla Secura
68%
Jedi killed by Savage OpressBlueAdi Gallia
62%
Jedi traitorBlueBarriss Offee
56%
Jedi rescued by Anakin, Obi Wan and AdiGreenEeth Koth
53%
Kanan’s MasterGreenDepa Billaba
50%
Killed by Jango FettGreenColeman Trebor
47%
Jedi librarianBlueJocasta Nu
47%
Tracked down Ziro with Obi WanGreenQuinlan Vos
45%
Killed by Darth SidiousBlueAgen Kolar
44%
Jedi with long neckBlueYarael Poof
44%
Killed by Darth SidiousGreenSaesee Tiin
43%
Dies at the CitadelGreenEven Piell
42%
Killed on RylothBlueIma Gun Di
39%
Adi’s CousinGreenStass Allie
35%
Hairy JediGreenOppo Rancisis
33%
Helped Ahsoka find her lightsaberWhiteTera Sinube
28%

Score Distribution

Percentile by Number Answered

Percent of People with Each Score

Your Score History

You have not taken this quiz